1662 1662 1581 1898 1779 1776 1449 1846 1054 1037 1091 1556 1078 1797 2000 1778 1409 1263 1489 1929 1547 1063 1395 1882 1192 1937 1563 1971 1712 1856 1667 1372 1072 1065 1796 1830 1699 1338 1803 1543 1138 1277 1972 1344 1015 1394 1833 1759 1401 1466 1819 1539 1189 1611 1097 1986 1634 1939 1511 1288 1481 1210 1448 1218 1793 1045 1980 1128 1462 1160 1894 1796 1409 1132 1015 1446 1104 1811 1625 1401 1712 1029 1031 1860 1899 1052 1165 1319 1581 1494 1874 1094 1597 1530 1934 1640 1378 1337 1829 BCNSPRNW ULIB Ver.6.0+V

เปลี่ยนเป็นภาษาไทย

Change to English
 แสดงรายละเอียดบรรณานุกรม
  กลับหน้าหลัก

Brief Record : Get Marc (ISO 2709) : E-mail record : QR code < ปิดหน้าต่าง
LEADER : 00000nam 2200000uu 4500
001    13399113994
003     ULIB
008    110627s||||||||th 000 0 tha d
020    9789747503104
090    นว.^bว859ห 2550
100 0  วีสาม & bookmark
245 00 หัวใจปลายพู่กัน/^cวีสาม & bookmark
250    พิมพ์ครั้งที่ 2
260    กรุงเทพฯ :^bแจ่มใส,^c2550
300    292 หน้า
710 1  แจ่มใส
945    ^p199^l0^i021724
995    ทศพร
999 ^a ใช้งานได้ทุกระบบ
รายการนี้ยังไม่มีแท็ก
คุณยังไม่ได้ล็อกอิน คุณสามารถมีกิจกรรมร่วมกับเว็บไซต์ได้ แต่ต้องล็อกอินก่อน ::
  ล็อกอิน

รายการสื่อสารสนเทศ

ลำดับที่ ประเภท เลขเรียก/บาร์โค้ด สถานที่ สถานะ
1. นวนิยาย
นวนิยาย
นว. ว859ห 2550 ฉ.1 
  Barcode: 021724
ห้องสมุดวิทยาเขตสวรรค์ประชารักษ์
►นวนิยาย
บนชั้น
  ขอยืม

BibComment


ยังไม่เคยถูกคอมเมนท์

คอมเมนท์ทรัพยากรรายการนี้
  คอมเมนท์: หัวใจปลายพู่กัน ว..


 Copyright 2026. Bcnsprnw @Library